书目信息 |
| 题名: |
美学与艺术鉴赏
|
|
| 作者: | 郭纪金 , 王军 主编 | |
| 分册: | ||
| 出版信息: | 北京 首都师范大学出版社 1999 |
|
| 页数: | 549页 | |
| 开本: | 20cm | |
| 丛书名: | 高等院校21世纪人文素质教育丛书 | |
| 单 册: | ||
| 中图分类: | I206 , B83 | |
| 科图分类: | ||
| 主题词: | 文学欣赏--中国--高等学校--教材 , 美学 | |
| 电子资源: | ||
| ISBN: | 7-81064-077-1 | |
| 000 | 00940nam2 2200289 450 | |
| 001 | 1552805134 | |
| 005 | 20150119144106.23 | |
| 010 | @a7-81064-077-1@dCNY24.60 | |
| 100 | @a20021005d1999 em y0chiy0110 ea | |
| 101 | 0 | @achi |
| 102 | @aCN@b110000 | |
| 105 | @af z 000zd | |
| 200 | 1 | @a美学与艺术鉴赏@Amei xue yu yi shu jian shang@9zhong guo wen xue yue du yu xin shang@f王军等主编@Fwang jun deng zhu bian |
| 210 | @a北京@c首都师范大学出版社@d1999 | |
| 215 | @a549页@c图@d20cm | |
| 225 | 2 | @a高等院校21世纪人文素质教育丛书 |
| 300 | @a高等院校21世纪人文素质教育教材 | |
| 461 | 0 | @12001 @a高等院校21世纪人文素质教育丛书 |
| 510 | 1 | @aReading and appreciation of Chinese literature@zeng |
| 606 | 0 | @a文学欣赏@y中国@x高等学校@x教材 |
| 606 | 0 | @a美学 |
| 690 | @aI206@v5 | |
| 690 | @aB83@v4 | |
| 701 | 0 | @a郭纪金@9guo ji jin@4主编 |
| 701 | 0 | @a王军@Awang jun@4主编 |
| 801 | 0 | @aCN@bTSSF@c20150115 |
| 905 | @aZUCC@dB83@eJY66 | |
| 美学与艺术鉴赏/王军等主编.-北京:首都师范大学出版社,1999 |
| 549页:图;20cm.-(高等院校21世纪人文素质教育丛书) |
| 高等院校21世纪人文素质教育教材 |
| ISBN 7-81064-077-1:CNY24.60 |
| ● |
| 相关链接 |
|
|
|
|
正题名:美学与艺术鉴赏
索取号:B83/JY66
 
预约/预借
| 序号 | 登录号 | 条形码 | 馆藏地/架位号 | 状态 | 备注 |
| 1 | 7835114 | 278351141 | 学院路分馆/ [索取号:B83/JY66] | 在馆 |